000
00330cam a2200133ua 4500
041
_a
eng
_h
082
_a
633.083
_b
BUL/FA
100
_a
Bullivant, S H .
245
_a
Farm crops, Book 2 /
_c
S H Bullivant.
_h
Textual Documents
260
_a
London :
_b
Longman ,
_c
1963.
300
_a
80 ; .
942
_c
BK
999
_c
10739
_d
10739